00744 2200277 4500001002100000005001700021008004100038020001800079035002400097082001000121090001700131100001900148245008300167250001800250260003800268300002300306500003000329500001100359650001400370700002500384850001500409980001100424985000600435986001000441999001500451YOGYA-0209000000640720090227020908.0 ind  a979-8581-11-3 0010-020900000006407 a321.8 a321.8bMas N aMAS'UD, Mohtar aNegara, Kapital dan DemokrasicMohtar Mas'ud ; penyunting, Muh Sungaidi Ardani aEd. 2, cet. 1 aYogyakartabPustaka Pelajarc2003 axi, 241 hlmc20 cm aBibliografi : hlm 219-230 aIndeks aDemokrasi aARDANI, Muh Sungaidi aYOPDYOG(B) a110705 a1 artrev a03P0004452